Guess My Country - Statistics

General Stats
  • This quiz has been taken 188 times
  • The average score is 5 of 9
Answer Stats
Hint Country Letter % Correct
I am the most populated country completely in Europe Germany G
82%
I am the smallest country in Central America El Salvador R
71%
I have more lakes than the rest of the world combined Canada A
68%
My capital is Asunción Paraguay P
64%
I am the birthplace of Gal Gadot and Natalie Portman Israel L
57%
I have the second largest Catholic population Mexico O
54%
I am the double landlocked nation in Asia Uzbekistan U
54%
I am home to the "Door to Hell" Turkmenistan T
37%
My country is... Portugal
27%
No matching quizzes found
Score Distribution
Percent of People with Each Score
Percentile by Number Answered
Your Score History
You have not taken this quiz